000 00474cam a2200181 4500
008 090401t1990 xxu||||| |||| 00| 0 eng d
020 _a0580186571
035 _a(Sirsi) u38819
041 _aeng
110 _aBritish Standards Institution
_9130
245 _aGuide to accuracy in building.
260 _aLondon
_bBritish Standards Institution
_c1990
300 _a56p. : ill. ; 30cm.
350 _a0
490 _aBS
_v5606: 1990
942 _n0
948 _c04/03/1997
999 _c90714
_d90714